000 00483nam a2200181Ia 4500
008 090123s9999 xx 000 0 und d
082 _b9555
_a891.463/बगे
100 _aबगे आशा
245 _aझुंबर
250 _a1
260 _bमॅजेस्टिक प्रकाशन
_c1984
300 _a151
600 _aबगे आशा
630 _aझुंबर
700 _aबगे आशा
730 _aझुंबर
942 _cBOOK
999 _c47620
_d47620